000 00624nam a22001577a 4500
999 _c13840
_d13840
008 190424b ||||| |||| 00| 0 eng d
082 _22018
_aUT 1211
_bL37
100 _aLaurente, Helioza Joyce M.
_938488
245 _aCustomer loyalty of microfinance in Digos City /
_cHelioza Joyce M. Laurente, Princess Fely P. Diamante, and Raizel P. Oppus
260 _aDigos City:
_bUMDC,
_cNovember 2018.
300 _a58 pages;
_c29 cm.
650 _aBusiness Administratiom
_vMarketing Management
_xUndergraduate thesis.
_938489
700 _aDiamante, Princess Fely P.
_938490
700 _aOppus, Raizel P.
_938491
942 _2ddc
_cUT